LEADER 01381nam0-22004811i-450 001 990000798720403321 005 20200717094022.0 010 $a88-86701-29-2 035 $a000079872 035 $aFED01000079872 035 $a(Aleph)000079872FED01 035 $a000079872 100 $a20090309d1998----km-y0itay50------ba 101 0 $aita 102 $aIT 105 $aa-------001yy 200 1 $aArchitettura del vento$edesign e tecnologia per il raffrescamento passivo$fMario Buono$gpresentazione di Virginia Gangemi 210 $aNapoli$cClean Edizioni$d1998 215 $a131 p.$cill.$d21 cm 610 0 $aEdifici$aVentilazione 610 0 $aArchitettura$aTecnologia 610 0 $aEdilizia bioclimatica 676 $a620.8 676 $a693.8 700 1$aBuono,$bMario$011281 702 1$aGangemi,$bVirginia$f<1936- > 801 0$aIT$bUNINA$gRICA$2UNIMARC 901 $aBK 912 $a990000798720403321 952 $aTECN B 1229$b9712$fFARBC 952 $a17.366$b3955$fDARST 952 $a12.1095$b1253/18$fDARST 952 $a01 A2 II 43$b03235$fDINST 952 $a08 AE 132$b793$fDINED 952 $aA 156 CAN$b2762/722 URB$fDARPU 952 $aTECN B 1872$b19699$fFARBC 959 $aFARBC 959 $aDARST 959 $aDINST 959 $aDINED 959 $aDARPU 996 $aArchitettura del vento$9351485 997 $aUNINA LEADER 02224nas 2200445 n 450 001 990008895520403321 005 20240229084427.0 011 $a0988-2685 035 $a000889552 035 $aFED01000889552 035 $a(Aleph)000889552FED01 035 $a000889552 091 $2CNR$aP 00004081 100 $a20090724b19501968km-y0itaa50------ba 101 0 $afre 102 $aFR 110 $aauu-------- 200 1 $aAnnales des épiphyties [1950] 207 1$a1950-1968 210 $aParis$cInstitut national de la recherche agronomique 431 0$1001000889426$12001$aAnnales agronomiques [1931] 433 0$1001000889541$12001$aAnnales de phytopatologie 433 0$1001000889547$12001$aAnnales de zoologie. Ecologie animale 530 0 $aAnnales des épiphyties [1950] 675 $a631 675 $a581.2 712 02$aInstitut national de la recherche agronomique$c 801 0$aIT$bACNP$c20090723 859 4 $uhttp://acnp.cib.unibo.it/cgi-ser/start/it/cnr/dc-p1.tcl?catno=84084&person=false&language=ITALIANO&libr=&libr_th=unina1$zBiblioteche che possiedono il periodico 901 $aSE 912 $a990008895520403321 958 $aBiblioteca Dipartimento di Arboricoltura, Botanica e Patologia Vegetale-Sez. Patologia vegetale-Università Federico II di Napoli$b1950-1968.$fDAGPV 958 $aBiblioteca del Dipartimento di Entomologia e Zoologia Agraria dell'Università degli Studi di Napoli Federico II$b1950-1968.$c1950;$fDAGEN 959 $aDAGPV 959 $aDAGEN 996 $aAnnales des épiphyties$9801374 997 $aUNINA AP1 8 $6866-01$aNA086 Biblioteca Dipartimento di Arboricoltura, Botanica e Patologia Vegetale-Sez. Patologia vegetale-Università Federico II di Napoli$ev. Università,100, 80055 Portici (NA)$m08125.39322$nit AP1 8 $6866-02$aNA219 Biblioteca del Dipartimento di Entomologia e Zoologia Agraria dell'Università degli Studi di Napoli Federico II$eVia Università, 100, 80055 Portici (NA)$m0812539188$m0817755145$nit AP2 40$aacnp.cib.unibo.it$nACNP Italian Union Catalogue of Serials$uhttp://acnp.cib.unibo.it/cgi-ser/start/it/cnr/df-p.tcl?catno=84084&language=ITALIANO&libr=&person=&B=1&libr_th=unina&proposto=NO